the study on efficiency of irrigation system using on spean sraeng commune, phnom srok district, banteay meanchey province,ការសិក្សាអំពីប្រសិទ្ធភាពនៃការប្រើប្រាស់ប្រព័ន្ធធារាសាស្រ្តនៅឃុំស្ពានស្រែន ស្រុកភ្នំស្រុក ខេត្តបន្ទាយមានជ័យ (Record no. 19238)

000 -LEADER
fixed length control field 00818nam a22001337a 4500
040 ## - CATALOGING SOURCE
Transcribing agency RUA
082 ## - DEWEY DECIMAL CLASSIFICATION NUMBER
Classification number AED NGA 2017 B466 Or.1
100 ## - MAIN ENTRY--AUTHOR NAME
Personal name NGA VUTHY, ង៉ា វុទ្ធី
245 ## - TITLE STATEMENT
Title the study on efficiency of irrigation system using on spean sraeng commune, phnom srok district, banteay meanchey province,ការសិក្សាអំពីប្រសិទ្ធភាពនៃការប្រើប្រាស់ប្រព័ន្ធធារាសាស្រ្តនៅឃុំស្ពានស្រែន ស្រុកភ្នំស្រុក ខេត្តបន្ទាយមានជ័យ
260 ## - PUBLICATION, DISTRIBUTION, ETC. (IMPRINT)
Place of publication RUA
Name of publisher phnom penh
Year of publication 2017
300 ## - PHYSICAL DESCRIPTION
Number of Pages xi;57p;
Other physical details ill;
Dimensions 29cm;
856 ## - ELECTRONIC LOCATION AND ACCESS
Uniform Resource Identifier https://drive.google.com/file/d/1KUSlSI3sk17aWNwU9r-07pG_3EmPZlO-/view?usp=sharing
942 ## - ADDED ENTRY ELEMENTS (KOHA)
Koha item type AED
952 ## - LOCATION AND ITEM INFORMATION (KOHA)
Withdrawn status [LOCAL, KOHA] 0
952 ## - LOCATION AND ITEM INFORMATION (KOHA)
Withdrawn status [LOCAL, KOHA] 0
952 ## - LOCATION AND ITEM INFORMATION (KOHA)
Withdrawn status [LOCAL, KOHA] 0
952 ## - LOCATION AND ITEM INFORMATION (KOHA)
Withdrawn status [LOCAL, KOHA] 0
952 ## - LOCATION AND ITEM INFORMATION (KOHA)
Withdrawn status [LOCAL, KOHA] 0
952 ## - LOCATION AND ITEM INFORMATION (KOHA)
Withdrawn status [LOCAL, KOHA] 0
Holdings
Permanent Location Date acquired Koha item type Lost status Shelving location Barcode Current Location Full call number
Library Block B2020-07-03AED B466A064489Library Block BAED NGA 2017 B466 Or.1
Library Block B2020-07-03AED B466A064373Library Block BAED NGA 2017 B466 Or.2
Library Block B2020-07-03AED B466A064549Library Block BAED NGA 2017 B466 Or.3
Library Block B2020-07-03AED B466A064609Library Block BAED NGA 2017 B466 Or.4
Library Block B2020-07-03AED B466A064669Library Block BAED NGA 2017 B466 Or.5
Library Block B2020-07-03AED B466A064681Library Block BAED NGA 2017 B466 Or.6
មជ្ឈមណ្ឌលឯការនៃសាកលវិទ្យាល័យភូមិន្ទកសិកម្មចំការដូង

Powered by Koha